| 000 | 00704nam a2200229 a 4500 | ||
|---|---|---|---|
| 001 | 000011454 | ||
| 005 | 20200929162446.0 | ||
| 008 | 091019s1998 dr 000 f spa d | ||
| 040 |
_aDO-SdBNP _bspa _cBNPHU |
||
| 082 |
_a863.3 _bP438m, 1998 |
||
| 100 | 1 |
_aPérez Galdós, Benito, _d1843-1920 _93681 |
|
| 245 | 1 | 0 |
_aMarianela / _cBenito Pérez Galdós. |
| 250 | _a3a. ed. | ||
| 260 |
_aSanto Domingo : _bAlfa & Omega, _c1998. |
||
| 300 |
_a263 p. ; _c22 cm. |
||
| 490 | 1 | _aLiteratura universal | |
| 590 | _aInventariado, 2020/MFF | ||
| 650 | 4 |
_aNovela española _91123 |
|
| 650 | 4 |
_aLiteratura española _9632 |
|
| 830 | 0 |
_aLiteratura universal _91125 |
|
| 910 | _aValidado. COntrol de calidad MMOLINA | ||
| 999 |
_c11155 _d11155 |
||